000 00515nam a2200193Ia 4500
005 20220920151218.0
008 131103s9999 xx 000 0 und d
020 _a706983920
040 _aLoreto College
041 _aEnglish
082 _a954.02
_bCHA
100 _aChandra,Satish
245 _aMughal religious policies,the Rajputs and the Deccan
_cSatish Chandra
260 _aNew Delhi
_bVikas Publishing
_c1994
300 _axi,223p
650 _aHistory,India-Mughals
850 _aLCLIB
942 _cBK
999 _c18855
_d69334